The Ugly Duckling [
| Main Author: | |
|---|---|
| Format: | Book |
| Published: |
(s.l.) :
Hanna-Barbera Home Video ,
1990
|
| Subjects: |
MARC
| LEADER | 00000cam a2200000 7i4500 | ||
|---|---|---|---|
| 001 | 0000000116 | ||
| 002 | 000000132 | ||
| 005 | 20080102.0 | ||
| 020 | |a 000000132 | ||
| 090 | 0 | 0 | |a JF |b AND |
| 100 | 1 | |a Andersen, Hans Christian | |
| 245 | 1 | 4 | |a The Ugly Duckling [ |h videorecording] |c Hans Christian Andersen |
| 260 | |a (s.l.) : |b Hanna-Barbera Home Video , |c 1990 | ||
| 300 | |a 1 videocassette VHS (30:00 min) : |b Col.(PAL) | ||
| 650 | 0 | 0 | |a Animal fiction |x Cartoons and caricatures |
| 999 | |a PV0074 |b VIDEO |c JUNIOR REFERENCE |e PERPUSTAKAAN KOMUNITI PETALING JAYA | ||